Effetti economico sociali del federalismo demaniale in Puglia

Bibliographic Details
Main Author: Jambrenghi, Vincenzo Caputi
Format: eBook
Language:Italian
Published: Bari : Cacucci Editore, 2012
Subjects:
Online Access:http://www.vlex.com/source/7353

MARC

LEADER 00000nam a22000007a 4500
005 20130307164341.0
007 cr|||| ||||
008 130307e2012 it |||||s|||| 00||0 ita d
020 |a 978-88-6611-192-4 
035 |a 7353 
040 |a vLex 
090 |c 3848  |d 3848 
100 1 0 |a Jambrenghi, Vincenzo Caputi  
245 1 0 |a Effetti economico sociali del federalismo demaniale in Puglia  |c / Vincenzo Caputi Jambrenghi   |h [Recurso electrn̤ico] 
256 |a Servicio en ln̕ea 
260 |a Bari :   |b Cacucci Editore,   |c 2012  
300 |a 1 Recurso electrn̤ico 
506 |d vLex Global  |d vLex Global (Academic Edition, excluding Law Schools)  |d vLex Global (U.S. Academic Edition, excluding Law Schools)  |d vLex Global (Academic Edition, Law Schools) 
650 0 4 |a Hacienda pb︢lica  |z Italia 
740 |a vLex Libros (Servicio en ln̕ea) 
856 |a Acceso restringido  |u http://www.vlex.com/source/7353 
942 |c BOOK 
999 0 |a Budget